Bezpečnostní uspořádání v Evropě
Medzinárodná bezpečnosť a úloha bezpečnostných inštitúcií. Stav európskej bezpečnosti. Problémy vývoja bezpečnostných inštitúcií. Predpoklady a závery pre európsku bezpečnostnú politiku.
Salvato in:
| Autore principale: | |
|---|---|
| Natura: | Capitolo di libro |
| Lingua: | ceco |
| Soggetti: | |
| Tags: |
Nessun Tag, puoi essere il primo ad aggiungerne!!
|
MARC
| LEADER | 00000naa a2200000 4500 | ||
|---|---|---|---|
| 001 | r016070 | ||
| 005 | 20221213082241.7 | ||
| 041 | 0 | |a cze | |
| 044 | |a CZ | ||
| 245 | 1 | 0 | |a Bezpečnostní uspořádání v Evropě |c P. Vacek |
| 520 | |a Medzinárodná bezpečnosť a úloha bezpečnostných inštitúcií. Stav európskej bezpečnosti. Problémy vývoja bezpečnostných inštitúcií. Predpoklady a závery pre európsku bezpečnostnú politiku. | ||
| 610 | 2 | 0 | |a bezpečnosť európska |
| 610 | 2 | 0 | |a Európa |
| 610 | 2 | 0 | |a politika zahraničná |
| 100 | 1 | |a Vacek, P. | |